Off the shelf (Record no. 63052)

MARC details
000 -LEADER
fixed length control field 00680cam a2200217 4500
001 - CONTROL NUMBER
control field ABS62023
008 - FIXED-LENGTH DATA ELEMENTS--GENERAL INFORMATION
fixed length control field 000000n2000 000 0 eng u
035 ## - SYSTEM CONTROL NUMBER
System control number (Sirsi) u105152
100 ## - MAIN ENTRY--PERSONAL NAME
Personal name Beames, S.
245 ## - TITLE STATEMENT
Title Off the shelf
260 ## - PUBLICATION, DISTRIBUTION, ETC.
Date of publication, distribution, etc. 2000
490 ## - SERIES STATEMENT
Series statement RIBA Journal
Volume/sequential designation 107(4) April 2000, 68-71(2)
520 ## - SUMMARY, ETC.
Summary, etc. Describes recent innovations in modular design which could increase its popularity in the current climate of awkward urban sites and tight budgets.
590 ## - LOCAL NOTE (RLIN)
Local note ABS
650 ## - SUBJECT ADDED ENTRY--TOPICAL TERM
Topical term or geographic name entry element PREFABRICATION
650 ## - SUBJECT ADDED ENTRY--TOPICAL TERM
Topical term or geographic name entry element MODULAR CONSTRUCTION
650 ## - SUBJECT ADDED ENTRY--TOPICAL TERM
Topical term or geographic name entry element BROWNFIELD SITES
690 ## - LOCAL SUBJECT ADDED ENTRY--TOPICAL TERM (OCLC, RLIN)
Topical term or geographic name as entry element BUILT ENVIRONMENT-CONSTRUCTION DESIGN
700 ## - ADDED ENTRY--PERSONAL NAME
Personal name Cadji, M.
942 ## - ADDED ENTRY ELEMENTS (KOHA)
Suppress in OPAC 0
Holdings
Withdrawn status Lost status Source of classification or shelving scheme Damaged status Not for loan Home library Current library Shelving location Date acquired Total Checkouts Full call number Barcode Date last seen Copy number Price effective from Koha item type
    Dewey Decimal Classification     London London Journal article 31/03/2000   ABS62023 105152-1001 06/08/2019 1 06/08/2019 Journal article